| 000 | 00436nam a22001457a 4500 | ||
|---|---|---|---|
| 005 | 20180806144451.0 | ||
| 020 |
_a8173052735 _c350.00 |
||
| 035 | _aB-164251, B-164250 | ||
| 037 |
_aDPL _bENG |
||
| 100 | _aVanamali | ||
| 245 |
_aNitya Yoga : _bThe yoga of constant communion / _cby Vanamali |
||
| 260 |
_aNew Delhi _bAryan Books International _c2004 |
||
| 300 |
_axiii, 340p. _c18 cms. |
||
| 942 |
_2ddc _cEN _h181.45 _mVAN |
||
| 999 |
_c155557 _d155557 |
||